00385nam a22001457a 450000500170000000800410001702000130005804100120007108200130008310000120009624500300010826000460013830000300018465000250021420250602134723.0250602b |||||||| |||| 00| 0 eng d a10246991 aEnglish a349 NAM  lEnglish aThe Namibian Law Reports  aCape Town: bJuta and Company Ltd, c2025 cxxi, 310 pages; b24 cm.  aLegal practice bLaw